000 00714nam a2200289Ia 4500
005 20260324125814.0
008 008 260324s9999 xx 000 0 eng d
020 _a9781315255101
037 _aEBOOK
040 _aCRL
040 _beng
040 _cCRL
041 _2eng
041 _aeng
084 _qCRL
100 _aPatsy Healey; Jean Hillier
_91174005
245 0 _aFoundations of the Planning Enterprise
245 0 _bCritical Essays in Planning Theory: Volume 1
260 _bTaylor and Francis
260 _c2008
365 _a
365 _b480
856 _uhttp://www.taylorfrancis.com/books/9781315255101
942 _cEBOOK
999 _c1774966
_d1774966